Statistics for All-NBA Team

Click here to take the quiz!

General Stats

  • This quiz has been taken 275 times
    (50 since last reset)
  • The average score is 73 of 94

Answer Stats

Players % Correct
Kawhi Leonard
100%
LeBron James
100%
Kevin Durant
98%
Giannis Antetokounmpo
98%
Kobe Bryant
98%
James Harden
98%
Nikola Jokic
98%
Damian Lillard
98%
Chris Paul
98%
Kevin Garnett
95%
Anthony Davis
95%
Klay Thompson
95%
Stephen Curry
95%
Baron Davis
95%
Kemba Walker
95%
Russell Westbrook
95%
Shaquille O'Neal
93%
Jimmy Butler
93%
DeMar DeRozan
93%
Draymond Green
93%
Kyrie Irving
93%
Paul George
93%
DeAndre Jordan
93%
Dirk Nowitzki
93%
Tim Duncan
93%
Luka Dončić
93%
Steve Nash
91%
Blake Griffin
91%
Dwyane Wade
91%
Pau Gasol
91%
LaMarcus Aldridge
91%
Joel Embiid
91%
Ben Simmons
91%
Kyle Lowry
91%
Marc Gasol
91%
Rudy Gobert
88%
Dwight Howard
88%
John Wall
88%
Pascal Siakam
88%
Derrick Rose
88%
Allen Iverson
86%
Ray Allen
86%
Tony Parker
86%
Paul Pierce
84%
Manu Ginobili
84%
Jason Kidd
84%
Amar'e Stoudemire
84%
Jayson Tatum
84%
Carmelo Anthony
84%
Karl-Anthony Towns
84%
Isaiah Thomas
84%
DeMarcus Cousins
84%
Vince Carter
81%
Karl Malone
81%
Andre Drummond
81%
Yao Ming
81%
Tracy McGrady
79%
Jermaine O'Neal
79%
Victor Oladipo
79%
Joe Johnson
79%
Chauncey Billups
77%
David Robinson
77%
Ben Wallace
74%
Chris Bosh
74%
Gary Payton
74%
Joakim Noah
74%
Kevin Love
74%
Al Horford
70%
Rajon Rondo
70%
Alonzo Mourning
70%
Deron Williams
70%
Gilbert Arenas
67%
Zach Randolph
65%
Chris Webber
63%
Brandon Roy
60%
Grant Hill
56%
Peja Stojakovic
56%
Dikembe Mutombo
56%
Michael Redd
53%
Shawn Marion
51%
Andrew Bynum
51%
Tyson Chandler
47%
Ron Artest
44%
Carlos Boozer
42%
Al Jefferson
37%
Andrew Bogut
35%
Elton Brand
33%
Goran Dragic
30%
David Lee
30%
Eddie Jones
30%
Stephon Marbury
28%
Sam Cassell
28%
Jamal Mashburn
16%

Score Distribution

Percentile by Number Answered

Percent of People with Each Score

Your Score History

You have not taken this quiz since the last reset